000 01181nam0a22002771 4500
001 rc\4415058
005 20260407103200.0
021 _aRU
_b[67-62711]
035 _a(NLR Aleph) 008566324
090 _a8497379
_c8497379
100 _a20130416d1967 |||y0rusy50 ca
101 0 _arus
102 _aRU
105 _ay z |||||
200 1 _aЗа высокую эффективность производства
_e[Сборник статей
_fРед. Н.Р. Пуцит]
_gМ-во просвещения РСФСР. Рост. н/Д гос. пед. ин-т
210 _aШахты
_cБ. и.
_d1967
215 _a137 с.
_d21
606 _aПартийные организации и их работа
_yРостовская область
_2psbo
606 _aПартийные организации и их работа
_yЛуганская область
_2psbo
702 1 _aПуцит
_bН.Р.
_4340
712 0 2 _aРостовский-на-Дону государственный педагогический институт
_3RU\NLR\AUTH\889931814
_9359036
801 0 _aRU
_bNLR
_gpsbo
801 1 _aRU
_bELAR
_2rusmarc
852 _aNLR
_j67-3/4372
942 _cBOOK
980 _aNB